All EWOW Prizers - Statistics

General Stats
  • This quiz has been taken 12 times
    3 since last reset
  • The average score is 214 of 2658
Answer Stats
Episode Rank Answer % Correct
1 767 [.... ..- -- .--.-. -.]
100%
12 16
100%
1 632 4DJumpman256
100%
2 58 4DJumpman256
100%
3 20 4DJumpman256
100%
4 195 4DJumpman256
100%
6 73 4DJumpman256
100%
7 37 4DJumpman256
100%
10 27 4DJumpman256
100%
1 511 Dawncy
100%
2 389 Dawncy
100%
3 371 Dawncy
100%
1 530 L3MON // LIM3
100%
1 50 losered
100%
3 92 losered
100%
4 120 losered
100%
7 11 losered
100%
8 12 losered
100%
9 36 losered
100%
10 30 losered
100%
12 10 losered
100%
13 7 losered
100%
1 1 Quack Master
100%
1 173 Srimochi
100%
2 122 Srimochi
100%
3 379 Srimochi
100%
4 181 Srimochi
100%
8 33 Srimochi
100%
10 6 08_BTR
50%
1 489 #1 sigma Rizz lord
50%
2 203 #1 sigma Rizz lord
50%
3 125 #1 sigma Rizz lord
50%
8 1 #1 sigma Rizz lord
50%
9 2 #1 sigma Rizz lord
50%
10 22 #1 sigma Rizz lord
50%
5 170 96 LB
50%
1 408 alemtotodile
50%
2 296 alemtotodile
50%
3 167 alemtotodile
50%
1 5 alexa.fig
50%
1 193 Alternavation
50%
2 225 Alternavation
50%
3 36 Alternavation
50%
3 150 Always Benji On Yesterday
50%
4 275 Always Benji On Yesterday
50%
2 175 Amelia, Ameliorator of the Eighty-Three Skies
50%
4 79 Amelia, Ameliorator of the Eighty-Three Skies
50%
8 57 Amelia, Ameliorator of the Eighty-Three Skies
50%
15 7 Amelia, Ameliorator of the Eighty-Three Skies
50%
1 99 Andyman
50%
3 338 Andyman
50%
5 146 Andyman
50%
6 94 Avanfan
50%
7 107 Avanfan
50%
2 73 Azurite
50%
3 271 Azurite
50%
9 26 Azurite
50%
12 5 Azurite
50%
1 828 Basil Star
50%
3 13 Basil Star
50%
1 132 Benjibuddy
50%
1 379 BlueSquareYT
50%
2 25 BlueSquareYT
50%
3 32 BlueSquareYT
50%
2 17 BoostGlitch357
50%
3 289 BoostGlitch357
50%
8 67 BoostGlitch357
50%
2 386 Bran
50%
4 207 Brandy?
50%
10 1 Brandy?
50%
11 4 Brandy?
50%
12 20 Brandy?
50%
13 10 Brandy?
50%
1 664 BubbleTii
50%
2 171 BubbleTii
50%
3 355 BubbleTii
50%
5 98 BubbleTii
50%
3 82 Car
50%
1 116 carykh
50%
2 65 carykh
50%
2 373 carykh
50%
7 99 carykh
50%
1 328 Catworld
50%
2 305 Catworld
50%
5 2 Catworld
50%
14 3 Catworld
50%
2 422 Cepukka
50%
4 56 Cepukka
50%
2 1 chichinitz
50%
2 223 CloudySkyes
50%
6 108 CloudySkyes
50%
9 33 CloudySkyes
50%
10 35 CloudySkyes
50%
12 2 CloudySkyes
50%
13 9 CloudySkyes
50%
15 4 CloudySkyes
50%
4 206 cloverpepsi
50%
5 20 cloverpepsi
50%
9 38 cloverpepsi
50%
1 23 Cohaki
50%
2 421 Cohaki
50%
6 55 Cohaki
50%
10 34 Cohaki
50%
11 18 Cohaki
50%
1 552 ConvexProjects
50%
3 155 ConvexProjects
50%
6 31 ConvexProjects
50%
9 53 ConvexProjects
50%
11 20 ConvexProjects
50%
1 112 coolunan
50%
2 335 coolunan
50%
3 10 coolunan
50%
1 430 Daylune
50%
3 102 Daylune
50%
1 41 Double ZeroB
50%
2 178 Double ZeroB
50%
3 39 Double ZeroB
50%
5 134 Double ZeroB
50%
1 3 DoWnStaP
50%
3 81 EeveeLuv
50%
10 41 EeveeLuv
50%
14 14 EeveeLuv
50%
1 102 Epsilon
50%
1 347 Epsilon
50%
2 31 Epsilon
50%
3 136 Epsilon
50%
5 82 Epsilon
50%
7 38 Epsilon
50%
8 53 Epsilon
50%
3 86 Exhalexa
50%
9 19 Exhalexa
50%
3 202 FishOnTheInternet
50%
5 115 FishOnTheInternet
50%
6 103 FishOnTheInternet
50%
1 496 Flare Dare
50%
2 311 Flare Dare
50%
10 5 fryuaj
50%
14 9 fryuaj
50%
1 8 Gizmote
50%
6 104 Gizmote
50%
12 3 Gizmote
50%
2 57 goobrey
50%
5 49 goobrey
50%
9 6 goobrey
50%
3 15 GreenieGuest
50%
4 114 GreenieGuest
50%
9 20 GreenieGuest
50%
10 21 GreenieGuest
50%
11 16 GreenieGuest
50%
6 11 GreenTree
50%
4 36 Hazel Cricket
50%
1 2 Hiko
50%
3 303 Hiko
50%
3 76 Himo
50%
4 179 Himo
50%
1 548 iRDM
50%
3 7 iRDM
50%
5 3 iRDM
50%
7 2 iRDM
50%
9 21 iRDM
50%
11 27 iRDM
50%
1 706 Ironninja1116
50%
4 248 Ironninja1116
50%
5 15 Ironninja1116
50%
2 42 iTeoti
50%
4 39 iTeoti
50%
5 27 iTeoti
50%
6 135 iTeoti
50%
8 6 iTeoti
50%
13 6 iTeoti
50%
1 355 jade
50%
3 348 jade
50%
5 151 jade
50%
6 40 jade
50%
7 6 jade
50%
3 35 Jaydi Kiwi
50%
1 667 J_duude
50%
3 84 J_duude
50%
5 53 J_duude
50%
8 70 J_duude
50%
9 13 J_duude
50%
12 22 J_duude
50%
2 224 John Dubuc
50%
3 213 John Dubuc
50%
5 112 John Dubuc
50%
6 10 John Dubuc
50%
5 84 Kaestra
50%
13 14 Kaestra
50%
1 218 "Kyle999"
50%
3 1 "Kyle999"
50%
4 193 "Kyle999"
50%
5 173 "Kyle999"
50%
2 190 la rivbi
50%
9 47 la rivbi
50%
1 701 Lego
50%
3 145 Lego
50%
2 244 legotd61
50%
3 79 legotd61
50%
4 215 legotd61
50%
2 145 LemonVenom
50%
3 67 LemonVenom
50%
8 7 LemonVenom
50%
9 7 LemonVenom
50%
12 18 LemonVenom
50%
1 830 Liuminity
50%
1 280 LowlyCube
50%
3 100 LowlyCube
50%
4 19 LowlyCube
50%
1 6 Matter
50%
3 83 mazuat
50%
4 255 mazuat
50%
3 248 Meester Tweester
50%
1 557 Meptune
50%
7 34 Meptune
50%
3 109 Michael Huang
50%
3 287 Midnight
50%
1 206 Midnight Light
50%
6 98 Midnight Light
50%
8 74 Midnight Light
50%
10 11 Midnight Light
50%
2 338 Moralitea
50%
3 44 Moralitea
50%
7 1 Moralitea
50%
10 38 Moralitea
50%
11 2 Moralitea
50%
3 70 namdoy
50%
4 263 namdoy
50%
6 28 namdoy
50%
7 4 namdoy
50%
1 247 napptapp
50%
3 233 napptapp
50%
1 195 Naslemi Jones
50%
2 4 Naslemi Jones
50%
3 106 Naslemi Jones
50%
5 168 Nindragon471
50%
11 19 Nindragon471
50%
12 1 Nindragon471
50%
8 14 PCM
50%
2 227 pfysche
50%
5 162 pfysche
50%
6 62 pfysche
50%
8 19 pfysche
50%
11 26 pfysche
50%
1 528 Purplegaze
50%
2 96 Purplegaze
50%
3 274 Purplegaze
50%
5 5 Purplegaze
50%
6 16 Purplegaze
50%
7 89 Purplegaze
50%
10 28 Purplegaze
50%
11 7 Purplegaze
50%
1 72 qooyuni
50%
2 347 qooyuni
50%
3 382 qooyuni
50%
1 829 quayzuk!
50%
2 409 quippy
50%
5 40 Real presidnet of usa!
50%
11 1 Real presidnet of usa!
50%
15 3 Real presidnet of usa!
50%
4 11 recc
50%
6 133 recc
50%
1 90 reremiau
50%
4 47 reremiau
50%
7 97 reremiau
50%
11 14 reremiau
50%
12 17 reremiau
50%
13 2 reremiau
50%
4 152 ribosphere
50%
10 42 ribosphere
50%
11 3 ribosphere
50%
2 219 Riley
50%
3 299 Riley
50%
1 371 robin
50%
2 10 robin
50%
3 43 robin
50%
5 109 robin
50%
6 2 robin
50%
8 59 robin
50%
9 24 robin
50%
11 10 robin
50%
13 12 robin
50%
14 8 robin
50%
1 7 Rock book
50%
6 45 rrrrrrrrrrrrrrrrrrrrrrrrrrrrrrrrrrrrrrrrrrrrrrrrrrrrrrrrrrrrrrrrrrrrrrrrrrr
50%
13 16 rrrrrrrrrrrrrrrrrrrrrrrrrrrrrrrrrrrrrrrrrrrrrrrrrrrrrrrrrrrrrrrrrrrrrrrrrrr
50%
1 21 Sanjay2133
50%
2 101 Sanjay2133
50%
4 237 Scar
50%
2 43 Sea Storm
50%
6 101 Sea Storm
50%
2 415 ShadowFlames
50%
3 98 ShadowFlames
50%
5 23 ShadowFlames
50%
7 47 ShadowFlames
50%
15 10 ShadowFlames
50%
1 142 Shardren
50%
2 158 Shardren
50%
3 60 Shardren
50%
1 110 sictoabu
50%
2 420 sictoabu
50%
4 258 sictoabu
50%
5 6 sictoabu
50%
8 50 sictoabu
50%
12 4 sictoabu
50%
5 11 SinisterShovel
50%
11 17 SinisterShovel
50%
15 9 SinisterShovel
50%
2 402 Snoozingnewt
50%
4 53 Snoozingnewt
50%
7 69 Snoozingnewt
50%
12 11 Snoozingnewt
50%
14 12 Snoozingnewt
50%
15 1 Snoozingnewt
50%
1 4 Someone Maybe
50%
6 18 Spicyman33
50%
1 311 StealthySceptile
50%
2 5 StealthySceptile
50%
3 331 StealthySceptile
50%
9 28 StealthySceptile
50%
4 85 Swimswum
50%
5 198 Swimswum
50%
2 79 Tak Ajnin
50%
4 12 Tak Ajnin
50%
7 16 Tak Ajnin
50%
1 11 taopywagon
50%
4 10 taopywagon
50%
5 165 taopywagon
50%
3 101 TaxEvader357
50%
5 58 TaxEvader357
50%
8 5 TaxEvader357
50%
1 323 Ted
50%
3 297 Ted
50%
1 37 TheGraphicalHarmonicist
50%
2 3 TheGraphicalHarmonicist
50%
3 278 TheGraphicalHarmonicist
50%
3 258 The Ilucuthen Empire
50%
4 259 The Ilucuthen Empire
50%
8 49 The Ilucuthen Empire
50%
9 54 The Ilucuthen Empire
50%
14 2 The Ilucuthen Empire
50%
2 12 ThePinkBunnyEmpire
50%
5 7 ThePinkBunnyEmpire
50%
8 4 ThePinkBunnyEmpire
50%
9 16 ThePinkBunnyEmpire
50%
11 6 ThePinkBunnyEmpire
50%
12 21 ThePinkBunnyEmpire
50%
13 13 ThePinkBunnyEmpire
50%
2 86 TieTiePerson
50%
4 107 TieTiePerson
50%
8 22 TieTiePerson
50%
9 3 TieTiePerson
50%
11 25 TieTiePerson
50%
13 1 TieTiePerson
50%
14 1 TieTiePerson
50%
15 5 TieTiePerson
50%
1 396 tr_
50%
1 9 Trapped in France
50%
1 249 TTGuy10000
50%
4 272 TTGuy10000
50%
1 376 Twiggy
50%
4 32 Twiggy
50%
5 147 Twiggy
50%
6 52 Twiggy
50%
8 64 Twiggy
50%
11 15 Twiggy
50%
2 2 twistybit
50%
1 564 Usernamey
50%
5 87 Usernamey
50%
2 185 whitecyclosa
50%
3 321 whitecyclosa
50%
5 70 whitecyclosa
50%
6 67 whitecyclosa
50%
7 18 whitecyclosa
50%
2 133 X_Ry
50%
5 43 X_Ry
50%
6 76 X_Ry
50%
8 27 X_Ry
50%
12 15 X_Ry
50%
14 10 X_Ry
50%
2 233 xXBombs_AwayXx
50%
4 238 xXBombs_AwayXx
50%
5 36 xXBombs_AwayXx
50%
8 21 xXBombs_AwayXx
50%
10 3 xXBombs_AwayXx
50%
15 6 xXBombs_AwayXx
50%
2 207 Xyloba
50%
3 306 Xyloba
50%
4 270 Xyloba
50%
5 124 Xyloba
50%
7 45 Xyloba
50%
1 802 Yuakim
50%
3 148 Yuakim
50%
4 197 Yuakim
50%
5 4 Yuakim
50%
6 54 Yuakim
50%
1 308 #zackd
50%
3 246 #zackd
50%
4 20 #zackd
50%
6 107 #zackd
50%
11 21 #zackd
50%
1 313 !!!
0%
2 217 !!!
0%
3 204 μ
0%
3 359 マンサノリ
0%
4 7 μ
0%
4 278
0%
2 345 108 mics
0%
4 256 11 Words Wiser
0%
6 19 1212DENIS
0%
2 277 19dollafortnitegiftcard🤑
0%
1 441 1Gary
0%
2 294 1Gary
0%
1 558 1Kick234
0%
4 116 21Quantum
0%
4 67 2bstarman
0%
2 274 2 Laws
0%
1 172 2manyforks
0%
5 192 2manyforks
0%
3 65 33L5
0%
1 51 3SidesInASquare
0%
4 1 3SidesInASquare
0%
6 59 4dice
0%
1 625 53R0
0%
1 55 60mo
0%
1 43 75 Characters? That's a LOT for a Username. Min-maxer that I am, thank you!
0%
2 427 7s3s
0%
4 239 7th Dimension of Algoland
0%
7 100 8-Bit Book
0%
1 627 8th
0%
9 40 8th
0%
4 81 A1Red
0%
5 14 aaronvx
0%
6 35 aaronvx
0%
7 49 aaronvx
0%
4 33 AbiFruitcake
0%
1 380 Absence Incarnate
0%
4 130 Absence Incarnate
0%
2 112 AbsoluteDasher
0%
2 369 abugida
0%
2 396 Acaicheetah22
0%
6 125 Acaicheetah22
0%
1 434 Account_Alt
0%
1 392 Ace
0%
1 198 Ace epok animations
0%
5 142 ACN
0%
5 22 Adamanti
0%
1 98 AdrianVGamer3
0%
1 482 AeroTehVaporeon
0%
5 159 æsc
0%
1 440 Afford F150
0%
3 243 A-Gaine
0%
2 88 AgileGlass
0%
4 261 AHumanIThink/Whirlpool730
0%
6 117 Aidanbob4
0%
1 301 Akamatsu
0%
4 87 AkashG23
0%
1 529 à la Ande
0%
1 413 Alcalop
0%
1 124 Aleph Squirrel
0%
6 42 alesonbrjk
0%
1 676 Alex31
0%
5 171 Alex31
0%
7 94 AlexExists
0%
2 20 Algo.00
0%
5 28 Algo.00
0%
2 209 algodoo_nerd_guy_idk
0%
2 115 Algodoo Racer
0%
3 19 Algodoo Racer
0%
2 26 Algotistic
0%
3 51 Algotistic
0%
4 155 Algotistic
0%
5 42 Algotistic
0%
10 39 Algotistic
0%
1 680 Aliendude321
0%
7 21 Aliendude321
0%
1 503 Alieni
0%
1 673 Alienning Man
0%
1 105 Alif
0%
1 700 a literal tree
0%
1 276 ALITL
0%
5 133 ALITL
0%
7 93 ALITL
0%
8 58 ALITL
0%
12 13 ALITL
0%
2 352 Alley%
0%
1 795 Alleyway
0%
3 24 Allymote
0%
1 670 AlmightyAnimate
0%
1 742 AlmozenOreo
0%
1 149 Alpine >:3
0%
1 424 Alrocko
0%
2 390 ALTplusA
0%
1 353 AlulaLeChien
0%
1 28 amb2127
0%
2 295 Americatress
0%
6 49 Americatress
0%
5 131 amey
0%
6 114 AnArtichoke_
0%
3 137 An average person
0%
3 341 AnEpik
0%
5 66 AnEpik
0%
8 56 AnEpik
0%
9 27 Anh2V
0%
4 22 AnimalGamerTest
0%
1 366 Animat3DD
0%
1 545 Animatium
0%
3 113 Anko6
0%
4 235 Anko6
0%
1 568 anonymous00
0%
7 24 anonymous00
0%
2 327 Anti_Gyro
0%
1 314 ApologeticFunyarinpa
0%
1 49 Apple_Flames
0%
2 283 Aqua247
0%
7 5 Aqua247
0%
2 273 Arachlynn
0%
4 9 A Random EWOW Contestant
0%
1 87 ArfurPups
0%
2 271 Ari_Tree
0%
2 81 Arkent
0%
5 77 ArkzenoRay
0%
5 143 ArmJoesh
0%
2 168 Armypuffin The 3rd 2nd 4th Of Doom 2
0%
4 132 Armypuffin The 3rd 2nd 4th Of Doom 2
0%
2 54 ArnoobExtra
0%
3 262 ArnoobExtra
0%
7 58 ArnoobExtra
0%
11 8 ArnoobExtra
0%
1 604 Arpiyen
0%
1 405 Artaz
0%
4 140 Artaz
0%
2 49 Arthurtyui
0%
1 470 ArtsyBlixt
0%
3 268 aSean_Feligon
0%
6 4 aSean_Feligon
0%
7 15 asetylnitrat
0%
5 41 ashaisasmasha
0%
6 129 ashaisasmasha
0%
5 57 Ashfalcons44
0%
3 219 AShiningDeadRedComet
0%
3 277 Ash Pompeii
0%
1 536 Ashton Does A Thing
0%
5 157 Asro
0%
9 39 Asro
0%
1 126 AssamMilkTea
0%
1 180 Astra Espera
0%
5 85 AstralBlob
0%
5 180 Atlaski
0%
2 407 AtomicallyAccurate
0%
2 141 AtomicBlueberry
0%
5 105 Augie279
0%
4 221 Aukned Glamahawpa
0%
2 160 AutumnExists
0%
1 566 _Ava_K67
0%
2 397 AverageAmericanCheeseLuva
0%
2 193 avocadoexists
0%
4 26 avocadoexists
0%
8 66 avocadoexists
0%
4 251 Awesome Danimations
0%
1 446 Awesome Kae's Sauce
0%
1 346 AwesomePig7
0%
3 103 AwesomePig7
0%
3 132 Awesome PolarBear
0%
1 624 Awesome Sauce
0%
1 416 Awestin (pronounced Austin)
0%
1 296 awfulzed
0%
4 211 ayosmi
0%
1 554 Azeotro
0%
3 393 Azim9999
0%
1 513 Azul <3
0%
3 257 Azumaknight
0%
8 18 Azumaknight
0%
2 152 AzureyCentralix
0%
6 90 AzureyCentralix
0%
1 456 bacon!
0%
1 698 Bacon
0%
1 547 Bad Games 2
0%
1 129 Bag, The Tree Mountain.
0%
1 141 Bait and Tackle
0%
4 105 Ballam
0%
2 89 Banajama27
0%
2 364 Banana Buggy
0%
1 649 BananaFace
0%
7 67 BananaFace
0%
2 198 Bani57
0%
2 288 Barbarian Gamer
0%
2 417 barteek
0%
1 304 Barys Boi
0%
1 417 BeanieMan
0%
3 91 Beanofan
0%
5 60 Beanofan
0%
3 312 BeanutPutter
0%
4 201 BeAwesomeOne
0%
1 799 Bedbug
0%
2 46 Beepdog
0%
4 83 Beine
0%
2 128 bejuuled
0%
8 69 bejuuled
0%
7 106 ben9583
0%
1 537 BendBlox
0%
1 307 BendyBro
0%
1 188 BenjaminCats!
0%
5 94 Bepis
0%
1 267 Beszmi
0%
1 363 BezelCat2
0%
7 83 BFBFan5346
0%
3 199 bfbohiofan11
0%
6 74 BigBeter
0%
1 647 Bilon Gamius
0%
4 128 "bimble"
0%
1 495 Bird™
0%
1 612 BitterestBuggy
0%
1 122 BlackBird_6
0%
2 365 Blake at Stake
0%
1 419 Blanco "Steins;Gate" Hattie
0%
2 253 Blaze
0%
1 519 Blocky150
0%
1 630 Bloob Erry
0%
1 704 Blooples
0%
1 740 BluClues
0%
3 375 blueclue
0%
1 494 Blue Gelatin
0%
3 170 Blue Gelatin
0%
4 189 Blue Gelatin
0%
3 118 blueJay
0%
5 8 Blue Pumpkin
0%
3 171 Blueshark
0%
4 177 Blueshark
0%
3 265 Blue Water
0%
2 249 bluu
0%
1 459 bobby792003
0%
3 362 Bobe
0%
3 172 “Bob I guess”
0%
7 98 Bob Rob
0%
1 264 Bob the slob
0%
3 34 BodieAnimates
0%
3 164 BoiledEggs
0%
1 333 Bolthebro
0%
2 238 Bolthebro
0%
5 199 Bolthebro
0%
1 77 BongoRadio
0%
2 29 Bonnie
0%
1 309 Booger
0%
1 134 Boohaloo
0%
1 445 Book of cheese
0%
2 416 Bookster
0%
2 162 Bookworm
0%
3 392 Bookworm
0%
1 761 Booky McCool
0%
1 669 bootlegroxy
0%
3 388 Boredum
0%
5 75 BoredYoshi
0%
1 394 BorisShoes
0%
6 20 Bo Tie
0%
8 40 Bo Tie
0%
1 479 Botnick
0%
2 111 Bouny. Sof t
0%
2 351 BOWLER606
0%
5 24 Bowomp
0%
5 45 BoxaColgate
0%
1 151 Boxy The Funky Box
0%
3 105 BP4dawin!
0%
2 388 Bracelety Forever
0%
3 390 BradExplodes
0%
1 821 BrashFoil7
0%
1 169 Bread In Bucket
0%
3 369 bream
0%
3 114 BrendanTW
0%
7 53 BrendanTW
0%
1 765 Bridgette TDI
0%
1 352 Brilliant Sam
0%
4 205 Brilliant Sam
0%
1 13 bristyl
0%
1 582 BroBro
0%
3 22 BrokenSink
0%
9 10 BrokenSink
0%
3 236 bromii
0%
1 118 Bruhd
0%
3 72 BubbleBluejay
0%
3 300 Bubble Buddy
0%
1 95 Bubble's Yoylecake
0%
2 77 Bubbus
0%
3 316 BuddyRock123
0%
5 144 BuddyRock123
0%
1 47 BuddyStory
0%
2 150 BuddyStory
0%
4 266 BuddyStory
0%
1 263 bum
0%
1 53 Buoy
0%
2 265 bytebit_
0%
3 385 bytebit_
0%
1 457 CacoPholey
0%
1 728 cade
0%
3 249 Caden00
0%
2 142 Cahlahbio
0%
3 48 cakebrunch
0%
4 118 cakebrunch
0%
5 126 Cakes Jay
0%
1 103 CallMeObby Bobby
0%
6 25 CamilleHiiragi
0%
3 207 Cam & Tori
0%
4 73 Cam & Tori
0%
3 214 CandySweet613
0%
3 64 Captain_Fred
0%
3 293 Captain Froakie
0%
1 305 Captian Stench-Beard
0%
2 387 caragonkh
0%
1 540 caramelbubbleart
0%
1 407 CarbonFiber
0%
5 149 CarbonFiber
0%
1 100 CardboardAirplane
0%
2 392 Cartoon Character
0%
1 101 cashcarti123
0%
1 209 cashedcredits
0%
3 203 cashedcredits
0%
8 24 cashedcredits
0%
3 285 Catlover:3
0%
5 174 CatsAreLiquid
0%
5 169 - Celestial19 -
0%
8 39 - Celestial19 -
0%
1 286 Cephapopz
0%
1 318 cereseries
0%
3 56 cereseries
0%
6 79 cereseries
0%
10 36 cereseries
0%
1 268 Cetus
0%
2 202 Chad
0%
7 23 Chad
0%
11 29 Chad
0%
3 110 Chaineek
0%
2 320 Charito
0%
3 47 Charito
0%
5 54 Charito
0%
6 99 Charito
0%
2 172 charles_nathan
0%
5 29 charles_nathan
0%
7 48 charles_nathan
0%
1 403 Charvari
0%
3 29 Charvari
0%
1 279 Cheesyboi1315
0%
2 414 Chester A. Arthur
0%
2 385 Chew804
0%
7 12 Chew804
0%
1 504 Chid
0%
2 113 Chilli Tortellini
0%
2 169 Chilln0
0%
6 47 C.Hizzle
0%
1 68 Christianosc
0%
6 134 Christianosc
0%
1 645 ChromaTheAnimator
0%
5 12 ciscotheginger
0%
5 96 Classical Reverie Dragon
0%
2 97 CleanMeanBean
0%
3 4 CleanMeanBean
0%
4 159 Clockfold Animate
0%
1 65 CloverDrop
0%
1 469 CloverPanda
0%
1 491 CluckySTAR
0%
4 223 CocoTacos
0%
3 294 coder01
0%
5 111 CoderX3
0%
1 442 Coiny BFDI
0%
5 186 Coiny BFDI
0%
1 114 Cokey Dokey
0%
4 110 cold wordguin
0%
3 323 Concavz
0%
5 80 Concavz
0%
3 340 CongaSpy
0%
2 286 Connoiseur Conan
0%
2 358 ConspicuousPiggy
0%
3 343 Content The Mushroom
0%
2 250 CookieCrisp
0%
3 357 CookieCrisp
0%
7 73 CookieCrisp
0%
8 52 CookieCrisp
0%
3 367 Cooky
0%
3 365 Cool Animal Thing
0%
1 390 Cool beans
0%
1 302 coolgamer707
0%
8 45 coolgamer707
0%
1 24 coolkidminecraft
0%
1 595 coolmepguy
0%
2 156 Cortex
0%
2 376 CosmetiComet
0%
4 162 CosmetiComet
0%
7 27 Cosmic Crow
0%
4 269 COTTo
0%
1 29 Coyoboyo
0%
3 160 Cpink
0%
5 116 Cpink
0%
6 112 Cpink
0%
3 205 Cpt. Mono
0%
5 44 Cpt. Mono
0%
1 411 ‘Crafty :3’
0%
2 114 Crafty7
0%
1 211 Crashest
0%
1 181 Craz B'dazz
0%
2 226 Crazy Yoshi
0%
2 137 Creative Casey
0%
7 42 Creative Casey
0%
13 15 Creative Casey
0%
1 388 Creeel
0%
6 64 Creeel
0%
2 187 Creeper in disguise
0%
1 679 Cresidential Luna
0%
1 809 Crimson Cloud
0%
1 603 Crimson Tranquil Dungeon
0%
1 16 CringeCat
0%
3 117 CringeCat
0%
7 66 CringeCat
0%
2 395 CrispyChicken
0%
1 238 CrowB#
0%
9 34 CrowB#
0%
1 616 ctat
0%
1 364 Cube492
0%
4 15 Cube492
0%
5 72 Cube492
0%
1 265 Cube Chan
0%
3 259 Cube Dock
0%
4 103 Cubeimations
0%
2 216 Cubeoi
0%
2 181 Cubie Random Stuff
0%
1 505 Cursed Donut
0%
3 307 Cursed Magician
0%
1 606 Cyan0714
0%
3 308 Cyanatic
0%
7 26 Cyan_Copper
0%
1 123 Cychlo
0%
1 493 Cygnus
0%
4 126 Cygnus
0%
3 334 DaBrian
0%
1 219 DaCreww2023's Journal
0%
3 239 daisyspeck
0%
1 521 DancingDog
0%
3 173 DancingDog
0%
1 431 dangfolder
0%
4 50 Dango360
0%
1 45 "Dan." (include period pls)
0%
3 182 Dannium
0%
3 235 Dan Quixote
0%
3 194 daph
0%
1 171 Daquan Huang
0%
4 281 Daquan Huang
0%
10 10 Daquan Huang
0%
3 158 darctian37
0%
1 18 DarcyDrawz
0%
2 84 DarcyDrawz
0%
8 34 DarcyDrawz
0%
3 186 Dark
0%
5 97 Dark
0%
6 56 Dark
0%
7 54 Dark
0%
10 20 Dark
0%
1 633 Darkdash
0%
2 21 Darrest
0%
1 644 dasher
0%
1 686 DatCrummyMuffin
0%
4 233 DatFatCat137
0%
2 309 DatHam
0%
6 75 DatHam
0%
2 298 DaveLikesGames
0%
3 295 DaveLikesGames
0%
4 100 David
0%
6 131 DavTheHootyDartrixOwl
0%
2 239 DavyDoo
0%
1 321 ddrev
0%
1 78 Death Bump
0%
1 817 Deckardv
0%
5 18 Deckardv
0%
7 78 Deckardv
0%
1 763 DeeepFriedWatrr
0%
3 176 DeeepFriedWatrr
0%
10 40 Deficiency
0%
3 95 DeltaDrillster
0%
1 386 Demetrius Demarcus Bartholomew Bo-bobby James McSenior Sauce the 3rd.Jr
0%
2 210 Deranged Octopus
0%
2 195 DerikBloxYY
0%
2 308 DerMongoose
0%
2 186 Deserts of Time
0%
1 769 Deserttail Goober
0%
2 418 DesertYou
0%
6 53 DesertYou
0%
1 401 Detective Chiyo
0%
1 108 Devils Planner
0%
3 210 Devils Planner
0%
9 11 DewgongFTW
0%
2 284 Dexahi "Dev" Persona5
0%
1 163 Diamond BFDI Mini Again
0%
6 32 DiamondN1nja
0%
7 71 DiamondShard87
0%
10 9 DiamondShard87
0%
1 474 Diedrick Elliot Layton
0%
4 91 Diedrick Elliot Layton
0%
2 50 Digital Potion
0%
1 56 Dissmo
0%
2 323 Dissmo
0%
4 166 Dizmond
0%
2 126 DJBC
0%
4 125 DJBC
0%
1 502 Dlb.Martin
0%
3 131 DodgyDu0
0%
1 288 DogeBone3
0%
9 17 DogeBone3
0%
10 23 DogeBone3
0%
1 240 dogeyay
0%
2 184 Donetheone
0%
2 230 DonutBxx
0%
1 197 Donut Corpser
0%
2 282 Donut Corpser
0%
5 181 Donut Corpser
0%
2 336 doodleXD
0%
7 101 Doogy Man
0%
1 549 Door
0%
1 523 Dord
0%
2 215 DoubleAP
0%
1 160 Dragony Doom
0%
4 218 Dragony Doom
0%
1 335 DremCatcher
0%
1 348 Drew
0%
5 104 Drew
0%
5 183 ); DROP TABLE EWOWERS;
0%
7 81 DualDuelist
0%
6 15 Duck Master
0%
1 395 Duds
0%
3 372 Duds
0%
1 663 dumbjames5305
0%
5 64 dumbjames5305
0%
6 113 Dumb Stuff
0%
3 283 Duskit
0%
6 111 Duskit
0%
8 20 dustox
0%
1 444 DuyCool
0%
3 78 Dygstrama
0%
1 418 DYLAN DEMOLISHER
0%
4 240 Dylan_from_nowhere
0%
3 88 DylanSP
0%
1 717 Dyskrasit
0%
3 337 Dyskrasit
0%
1 797 Eager Rocketeer
0%
2 425 Earth Plume
0%
7 82 Earth Plume
0%
4 163 EchinaceaPuff
0%
1 791 echolotl
0%
2 159 echolotl
0%
3 354 Écogie
0%
4 48 Écogie
0%
2 63 EctoHazard
0%
1 668 Eddie “DeeandEd”
0%
4 199 Eddie “DeeandEd”
0%
1 362 eefy weefy
0%
3 104 $EeveeLikesBREAD$
0%
5 140 $EeveeLikesBREAD$
0%
6 7 $EeveeLikesBREAD$
0%
2 322 Egg Yolk 87
0%
3 270 Egg Yolk 87
0%
1 113 ehiggi
0%
1 220 Ehvann
0%
4 216 El
0%
1 88 ElbowKing6
0%
1 404 Eldritch Lobster
0%
5 16 ElectricNJ
0%
1 539 Elera
0%
1 766 elevatorz
0%
6 66 ElevenWordsOfWower
0%
4 112 Elia_0_
0%
5 88 EliGabRet
0%
3 11 Elipty
0%
1 579 Elite_Forces
0%
1 723 Elite Octo
0%
7 88 Elytherandom
0%
4 113 Em648
0%
1 703 Emerald
0%
1 661 Emeruler
0%
1 757 Emimoto
0%
1 506 Enanan
0%
1 490 EndMark_3
0%
3 25 envi
0%
4 144 Enzo1098
0%
1 164 Ephemeral Eternity
0%
5 130 Ephyles
0%
1 20 EpickGamer
0%
2 328 epic person
0%
3 168 Epic Randomness
0%
2 366 EpsiCron
0%
6 3 Eric from real life
0%
7 19 Eric from real life
0%
2 138 Eroavis
0%
1 62 ethancool
0%
1 751 Eurasian
0%
2 74 EverythingTheorist
0%
2 131 EvieWurtz
0%
2 154 eviled
0%
3 119 Evolt
0%
6 110 Evolt
0%
8 23 Evolt
0%
1 613 EvrnoobJR
0%
1 221 Evrwl
0%
2 344 ewi lune
0%
2 188 EwowForever2763
0%
1 44 EWOWsers-AJL
0%
6 14 EWOWsers-AJL
0%
2 85 EWOW username
0%
4 194 Exerizer Here!
0%
1 754 ExquisiteNoodle
0%
1 387 ExtantChain
0%
8 71 exxpired dye
0%
10 16 exxpired dye
0%
14 4 exxpired dye
0%
3 240 eyBHellolleHBye
0%
9 14 eyBHellolleHBye
0%
1 533 Fake Mexican
0%
1 158 Falchi0n
0%
2 236 Falls
0%
9 25 Falls
0%
2 99 fane757
0%
5 108 fane757
0%
1 553 Farming Simulator 2024 🚜
0%
3 154 fastcast
0%
1 423 Fawh
0%
4 280 Fecto Forgo
0%
8 28 FeldsparMk7
0%
1 759 FennQuadNine
0%
1 261 Feral Cereal
0%
2 194 FerretBandit
0%
5 189 FerretBandit
0%
7 91 FerretBandit
0%
1 448 FexeliL
0%
7 41 Fezabolt
0%
2 222 FG
0%
1 520 FG69
0%
2 44 Fiftyseven
0%
1 119 Figquest
0%
3 304 Filipino Mathematician 23
0%
5 102 Filipino Mathematician 23
0%
1 135 Financeless
0%
1 608 Finnimations
0%
1 572 FireFruit
0%
1 127 Fire Miner
0%
3 351 Fire Miner
0%
1 643 Firey the goat
0%
10 19 Fizzel
0%
2 180 Fizzy-Pop101
0%
6 38 Fjvfvnecuve
0%
2 384 Flagbearer
0%
3 247 Flaky Hat
0%
6 46 Flambeetle
0%
7 50 Flambeetle
0%
1 178 FlameTheSketch
0%
4 148 FlaminHotPizza360
0%
1 212 Flasankia
0%
5 65 Flasankia
0%
5 48 Fletch
0%
1 476 Floobee
0%
1 244 Flower Radio
0%
3 313 Flying Pebble Machine
0%
4 187 FoggyAlien
0%
3 157 fonda1515
0%
10 2 fonda1515
0%
11 11 fonda1515
0%
2 333 Fourfoxes
0%
2 292 fowo
0%
1 246 Foxrish
0%
4 115 FracturedCyan
0%
2 123 Fre
0%
3 391 Freddy15920
0%
3 401 FrederickTheGreat
0%
3 333 Fred Something
0%
4 234 Fred Something
0%
1 375 Freister118
0%
1 294 Frix
0%
1 406 Frog Boi
0%
5 92 FROGLOCK
0%
6 123 FROGLOCK
0%
2 357 Frostmunch
0%
3 232 Frosty Cat
0%
3 215 fshingrod
0%
4 204 fshingrod
0%
2 405 Fublemit
0%
1 203 Fuish
0%
2 37 funee j. face
0%
1 646 funni haha petson
0%
4 61 funnydoggggggggggggggggggg
0%
1 365 Funo'
0%
3 14 Funo'
0%
6 126 Funo'
0%
1 176 FuntimeAdam262
0%
3 269 FuntimeAdam262
0%
1 367 Funzo
0%
2 371 furret stonks haha
0%
2 325 Gabriel p.a.c
0%
7 10 Gabriel p.a.c
0%
3 146 Gabut123
0%
2 342 Galactic Gamer/Aoki Lapis (pls include both but you can refer to me with just 1)
0%
7 14 galactika!
0%
9 48 galactika!
0%
4 146 Galaxy
0%
3 345 GamCub
0%
1 336 Gamey Gaming
0%
2 404 Gamey Gaming
0%
1 67 Gamyx
0%
4 151 garf
0%
5 39 garf
0%
1 412 GBlime
0%
2 429 GDNacho
0%
1 589 Geeky
0%
3 267 Geeky
0%
2 176 geklmao (if that’s not too kid friendly put GEK)
0%
7 36 gelfai
0%
1 729 Gemini Entropic
0%
3 69 geobica
0%
4 227 geobica
0%
7 95 geobica
0%
1 143 Geometricality
0%
1 222 GGB 123
0%
1 601 Ghaztiey
0%
1 501 GhostApple101
0%
3 26 GhostApple101
0%
1 588 Ghost Byte
0%
2 306 Ghostie Q
0%
1 60 Ghost With A Tophat
0%
1 708 Giant Fluid Strong Arms
0%
1 813 gibby flibby
0%
3 183 gibby flibby
0%
1 710 Gigabyte66
0%
1 274 girlbossed.
0%
7 79 GliderSpider
0%
2 300 GloriousPotato
0%
1 772 Gman
0%
2 13 Gman
0%
4 203 Gman
0%
6 50 Gman
0%
11 12 Gman
0%
2 47 gmo
0%
3 301 gmo
0%
1 377 Gnashum!
0%
3 261 goikyite
0%
5 51 GoldenCrafter35
0%
1 201 Golden Guy
0%
1 525 GoldenSponge
0%
6 12 GoldInvestor
0%
2 107 golfballbfdi
0%
2 381 goober
0%
4 70 ~~~good pup!~~~
0%
5 74 ~~~good pup!~~~
0%
2 279 googifloop
0%
7 8 Gordischious
0%
8 13 Gordischious
0%
3 37 Gordle
0%
2 153 GordonBrown2318
0%
3 153 GordonBrown2318
0%
4 4 GP423
0%
2 261 Grammar Lee
0%
4 13 Grammar Lee
0%
13 5 Grammar Lee
0%
15 11 Grammar Lee
0%
1 509 GranderUtai
0%
1 104 Graph Giraffe
0%
7 7 Graph Giraffe
0%
6 5 Gravel
0%
3 276 Gravity
0%
6 36 Graysandwich
0%
8 17 Graysandwich
0%
9 29 Graysandwich
0%
3 366 GrayTheSmart
0%
4 59 GrayTheSmart
0%
6 48 GrayTheSmart
0%
1 586 greenbeen13
0%
1 578 Green Racecar Driver
0%
1 204 GreenyGuy
0%
2 124 GreenyGuy
0%
1 656 GregCendWeeeee
0%
1 290 gr_eggg
0%
4 18 gr_eggg
0%
1 804 GregsPlayzTWOW
0%
5 25 Gresskarpai
0%
3 279 Grimlar
0%
3 5 grinch
0%
1 35 grizz_LoL
0%
8 61 GroundPound
0%
2 251 -guest423-
0%
3 386 GumballWaterson1990
0%
2 40 Gumdropy!
0%
4 265 Gurdit 88
0%
6 81 Gustaboy72
0%
2 118 Guy Motion
0%
4 214 Gyclenium
0%
1 76 h3nry_s71ckm1n
0%
3 245 Haaam
0%
5 103 Haapsalu
0%
1 354 Hakase
0%
6 130 HalfAnimation
0%
2 59 hamburgerhelper
0%
3 212 hamburgerhelper
0%
3 378 hamster1
0%
1 481 Happy Sloth Productions
0%
2 259 Happy Sloth Productions
0%
8 25 HappyTheTomato
0%
2 214 Hardback Jones
0%
4 95 Hardback Jones
0%
3 59 harmonybot
0%
2 391 Harry Head
0%
3 387 haxolotl
0%
1 658 HazelKnight
0%
6 87 HazelKnight
0%
1 368 HazerR45
0%
3 260 HeartOne
0%
1 692 Heav
0%
4 127 Hemi Demi
0%
8 35 Hemi Demi
0%
1 666 HeR0Stuff
0%
1 683 Heronix
0%
3 159 Heronix
0%
4 220 Heronix
0%
1 764 Hex
0%
4 75 HexaForce
0%
6 30 HexAmazon
0%
1 285 Hey, it's me! Goku!
0%
2 398 hezzer3
0%
3 175 Hidden Chime
0%
2 260 hifur
0%
1 157 HiGuysGames
0%
3 174 HiGuysGames
0%
2 430 hi, I am JINJER
0%
4 31 !!!!HillaryClintonAmongUs!!!
0%
1 315 Hiy Jony Sawy
0%
4 212 Holical
0%
1 619 Honeybun Sun
0%
4 117 HookahBoy
0%
1 200 Hoom
0%
1 718 hooplow
0%
2 196 House
0%
4 226 HowOriginal
0%
3 80 Hozen
0%
3 230 Humbugswax
0%
1 359 hung9A
0%
3 192 Hunter J
0%
5 76 hydrogencitrus
0%
8 15 hydrogencitrus
0%
9 46 hydrogencitrus
0%
3 85 hyfin
0%
1 282 hyjinks
0%
1 320 Hypercube34
0%
8 60 IAmSoGoodWithWords
0%
1 464 IceBox
0%
1 762 IceKeyHammer
0%
3 310 IceKeyHammer
0%
5 145 IceKeyHammer
0%
2 419 Icey You
0%
1 593 IcicleFrostbite
0%
5 153 Icy-cle Note
0%
5 138 IdentityCrisis
0%
1 574 ideot
0%
6 95 ideot
0%
1 255 Id Monad
0%
2 55 Ienne
0%
1 605 IggyGe
0%
1 618 I Like Combinatorics
0%
1 194 ilikesorbe
0%
1 518 ILM
0%
3 302 IloGaming4
0%
1 770 ilo Poki
0%
3 363 IloveRumania
0%
3 120 I Love You
0%
3 41 Im4ginative
0%
4 64 Imaginmations
0%
1 777 ImAGoobie
0%
2 72 IMC
0%
4 178 IMC
0%
3 200 Im Punbeatable
0%
1 69 indefpro
0%
2 183 Indestructible Bedrock
0%
3 222 Indigo
0%
4 28 Indigo
0%
7 25 Indigo
0%
9 52 Indigo
0%
1 283 indoorfish
0%
3 191 indoorfish
0%
6 1 indoorfish
0%
1 145 InfiniThreat
0%
1 544 inrealdude-
0%
2 130 Insomnia Catcher
0%
1 628 internetleaf
0%
4 24 IntersectingPlanes
0%
8 11 IntersectingPlanes
0%
7 102 Ioto
0%
1 383 IREV
0%
2 330 Isaac JoRo
0%
4 27 Isaac JoRo
0%
3 54 ^ is my daddy
0%
1 168 I Soar
0%
6 82 I Soar
0%
1 773 italic177
0%
2 6 italic177
0%
5 46 italic177
0%
3 377 It's Brick
0%
5 89 It's Brick
0%
4 99 itselmo
0%
1 144 itsLara
0%
9 1 itsmearni
0%
10 25 itsmearni
0%
2 254 Itz_GMann
0%
1 10 Ivykit
0%
1 626 IX
0%
1 337 Ixcors
0%
9 8 Ixcors
0%
2 71 Izzeee
0%
3 272 Izzeee
0%
4 14 Izzeee
0%
1 492 Jackson #
0%
1 370 Jacktastic
0%
2 287 Jacktastic
0%
3 296 Jackyboi
0%
2 264 Jacob Fairclough
0%
1 350 JacobGamerzButABook
0%
1 623 Jacob Senior
0%
1 551 jakey
0%
3 195 Jakiller
0%
1 271 Jamations
0%
1 260 James123456789
0%
1 131 James Chardone
0%
1 426 Jamixiy
0%
2 36 jan Natoku
0%
5 193 Jarleo
0%
1 117 JavaSiege
0%
2 53 JAWSH.FLA
0%
4 262 JayDee
0%
4 153 jaydene19248
0%
6 124 jaydene19248
0%
9 41 jaydene19248
0%
4 209 Jay Ray
0%
5 177 Jayrite
0%
5 197 JayTeeDee
0%
3 129 JECEMBUARY!!!
0%
4 38 Jeda Five Seven
0%
2 39 Jehan
0%
1 534 Jell
0%
3 241 Jelloid
0%
1 227 JellyCrab
0%
1 15 Jellyy
0%
1 500 JEM
0%
1 660 Jemuon
0%
5 1 Jemuon
0%
1 538 jeongiee
0%
1 66 Jeophf
0%
4 175 JessieStar
0%
3 112 Jiafei
0%
1 768 JillyFesh
0%
3 389 JJJ
0%
6 136 JKP
0%
4 172 JMPR717
0%
2 399 Joawzy'
0%
3 220 Joawzy'
0%
1 266 Jodeui
0%
2 343 Joe
0%
4 149 Joe Art Maker
0%
2 8 JogoJeshua
0%
3 107 Johnny Zillion
0%
4 231 Jolly Pikachu
0%
4 169 Jooj
0%
5 52 Jooj
0%
1 790 Jorik_Eternity
0%
5 178 Jo Ro
0%
8 2 Jo Ro
0%
3 328 JoseyPosey7
0%
5 93 JoseyPosey7
0%
3 208 Josh / NOT a gaming channel
0%
7 22 Josh / NOT a gaming channel
0%
3 45 JosszzoL
0%
5 63 JosszzoL
0%
7 75 JosszzoL
0%
1 752 JPG29
0%
3 152 JriSv256
0%
1 73 jserk
0%
3 314 Juhmatok
0%
5 59 Juhmatok
0%
15 8 Juhmatok
0%
2 70 JujuMas
0%
3 209 JujuMas
0%
5 9 JujuMas
0%
9 9 JujuMas
0%
11 9 JujuMas
0%
14 11 JujuMas
0%
1 150 Juliansl
0%
6 21 Juliansl
0%
3 185 Just a Goofy Goober
0%
4 58 JustALazyGuy
0%
3 30 Just a Sad Book
0%
8 8 JustAToadBB
0%
13 4 JustAToadBB
0%
3 326 JustDrew42
0%
4 52 Just Kamil
0%
1 467 Just Minus
0%
1 229 JustSomLim
0%
4 165 jw5397
0%
2 316 jwklong
0%
4 6 JX
0%
2 263 K1RB1L1TY
0%
1 432 Kaiiak
0%
2 375 kaisle
0%
3 18 kaisle
0%
1 202 kaitlyn yoylecake
0%
2 359 kaiyakaze
0%
4 241 Kaleidoskull
0%
2 157 Kapuccino
0%
3 179 Kapuccino
0%
1 602 Karameru40
0%
7 92 KarlKewbZ
0%
1 642 Kasser
0%
1 587 KatAtaK
0%
1 278 Keelinosity
0%
1 436 Kendro SusyMcSus
0%
1 165 KentuckyBall
0%
4 37 KentuckyBall
0%
2 218 Kestin Pastelliot
0%
2 394 Kevinxiehk
0%
5 158 kimikoazuma
0%
1 237 King Queso
0%
1 814 KinyACat
0%
1 92 KitKat
0%
1 223 kitkatyj
0%
3 237 kitkatyj
0%
7 74 kittycoolcat7
0%
2 30 Kitty Likes Fire
0%
8 43 Kitty Likes Fire
0%
3 151 Kittytelligence
0%
1 338 Kiwiyum
0%
7 52 Kiwiyum
0%
1 722 Kmartink
0%
1 455 Knífechúr
0%
1 433 KnotKoda
0%
4 109 KnotKoda
0%
2 177 knuxchux
0%
7 29 knuxchux
0%
2 408 Koopa472
0%
8 55 Koopa472
0%
9 43 Koopa472
0%
13 8 Koopa472
0%
14 5 Koopa472
0%
1 210 KoroWisdomsies
0%
3 27 Kraezy Dude
0%
1 725 Krazmalaxx
0%
4 134 KrazyMan79
0%
6 84 KrazyMan79
0%
4 80 Krimpybob
0%
2 318 Kriskross
0%
2 129 Kristos
0%
1 269 KrystalBirdie277
0%
2 16 KrystalBirdie277
0%
5 122 KrystalBirdie277
0%
1 148 KrystalGhostz
0%
6 93 KrystalGhostz
0%
4 157 Kuker Enemy
0%
3 322 kuminda.water.supply
0%
7 28 kuminda.water.supply
0%
12 6 kuminda.water.supply
0%
1 483 Kurg
0%
1 822 KWX
0%
1 262 Kybusian Glarb
0%
1 156 KyleDoesRandom155
0%
3 318 kyushi
0%
8 29 kyushi
0%
3 280 L4Vo5
0%
1 748 label12
0%
5 179 __Lagbot__
0%
5 150 LAKottke
0%
10 13 lane
0%
1 190 Larchibald
0%
5 118 Lasagna Enthusiast
0%
1 299 LaughingGenius
0%
4 173 Laurceny
0%
5 120 Laurceny
0%
9 50 Laurceny
0%
1 217 laurer
0%
3 399 Laysparkly
0%
3 94 Lazer Shark
0%
4 69 Leafrik
0%
1 641 Learned Hog
0%
5 123 LedybruhGuy
0%
2 200 leftlaneopen
0%
3 184 leftlaneopen
0%
1 330 LegallySoap
0%
5 156 LegitSi
0%
7 61 Lemon blood
0%
4 139 Lemon_Loser
0%
3 361 lemonsja
0%
6 72 Lennychu
0%
2 109 LeonGato
0%
5 17 Leopardsun
0%
6 102 Leopardsun
0%
5 107 levecito
0%
2 28 lezzthan3
0%
6 85 lezzthan3
0%
2 104 LiamLimeLarm
0%
3 292 LiamLimeLarm
0%
6 120 LiamLimeLarm
0%
1 80 lifinale
0%
4 186 LightningCuber
0%
3 193 lightningmatt
0%
1 292 Lightning Strike
0%
2 132 Lil Rex
0%
4 200 Lil Rex
0%
4 65 Lily Skye
0%
1 512 Liminal Latte
0%
8 51 lipu Kijoke
0%
1 507 LiquidSpider
0%
2 90 Lisbon Mapping
0%
6 39 Lisbon Mapping
0%
2 262 Listochik
0%
5 35 Lithium
0%
2 87 Littleanvil
0%
2 106 Live Launcher
0%
3 368 Llsr Ciaak
0%
1 546 Loading...
0%
3 324 Logan H.
0%
4 119 LogansBurningShadow
0%
2 255 Logan Zombie
0%
1 758 loggernamy
0%
2 412 lolasolar
0%
4 94 Lolwut
0%
4 150 Lord Farqiplier
0%
2 117 Lord of the Sheep
0%
4 170 LorFir2763
0%
2 14 Loser The Loser
0%
2 135 LouietheLeg
0%
8 68 Lpcarver
0%
10 18 Lpcarver
0%
6 51 luc
0%
3 87 Lucidity
0%
1 139 Lucky Hairclip
0%
5 172 Lucpel18
0%
6 115 LukárioCZ
0%
1 107 LukexYuri
0%
6 78 LukexYuri
0%
3 115 Lumenosity
0%
1 410 Lumpy
0%
2 413 lumpyjar
0%
3 40 Luna
0%
1 657 lunarxx
0%
3 264 LuraEternal
0%
2 332 Lurksy
0%
5 160 Lurksy
0%
1 170 Lvii
0%
2 377 Lvii
0%
5 119 Lvii
0%
1 42 ly
0%
2 346 lydiali (m)
0%
1 480 LynxTheBookWolf
0%
5 19 Lyrical TyrAnt
0%
6 9 Lyrical TyrAnt
0%
8 31 Lyrical TyrAnt
0%
12 7 Lyrical TyrAnt
0%
1 322 Lythe Nova
0%
3 181 Lythe Nova
0%
3 93 M4R1SS4_TH3_S1LLY
0%
1 138 Mach
0%
2 19 Mach
0%
4 16 Mach
0%
7 59 Mach
0%
8 44 Mach
0%
1 738 Machodave_215
0%
1 30 Madbord
0%
1 228 MADDproductions
0%
2 78 MADDproductions
0%
2 247 MaelstromNitro
0%
3 227 Magenta (B)
0%
1 34 Magnetty Girl
0%
3 380 MAGpie :D
0%
5 33 Maildropfolder
0%
2 121 Majikab
0%
1 325 MakanaCraft
0%
2 205 Makarkaplay
0%
3 373 Makeshift Cookie
0%
1 734 Malmart
0%
2 51 Malowith
0%
2 241 Mandelbroty
0%
4 54 ManTatFreeze
0%
5 125 Mapleskie
0%
7 39 MarbleCyde
0%
6 91 MarbleMint
0%
7 86 MarbleMint
0%
10 12 MarbleMint
0%
6 58 Marbles32
0%
1 329 Marchico
0%
1 755 Marcos Zebra 05
0%
3 244 MarioFan
0%
3 66 Marisa Lyga
0%
3 398 Marker The EWOWER!
0%
3 252 MarshyMage
0%
1 637 MartinPotcutBowliney
0%
2 382 Martlet
0%
1 451 marvin keyes
0%
1 576 MasterPusheen
0%
2 167 Match
0%
1 225 mateic
0%
3 141 Mateololero1337
0%
4 89 Material Melee Official
0%
1 577 MathCookie17
0%
3 71 MatHde
0%
1 63 Math Enthusiast
0%
5 176 Math Enthusiast
0%
1 697 Matheus 2021
0%
1 803 MathsBoi42
0%
3 46 MatrVincent
0%
1 284 mattArtz
0%
1 726 Maximum Light of the Midnight Height With Something Bright Luminescent Light
0%
1 360 MaxIsWell
0%
1 675 Max Nov
0%
3 55 Maxwell611
0%
1 584 Maybe Man
0%
1 792 MaybeSample
0%
1 85 MAYONNAISE
0%
2 240 MayUnderFlowers
0%
4 249 MayUnderFlowers
0%
5 55 MayUnderFlowers
0%
8 30 MayUnderFlowers
0%
11 5 MayUnderFlowers
0%
4 131 MedioLitro
0%
2 199 meganfire01
0%
1 70 Mega Solar Flame
0%
1 213 Mek_N_Ism
0%
3 90 MeLikePie50
0%
6 13 MeLikePie50
0%
8 41 MeLikePie50
0%
9 23 MeLikePie50
0%
1 391 Memeo (pronounced mee mee oh)
0%
2 403 Memmy
0%
2 136 Meowicat
0%
4 225 Meowicat
0%
5 37 Meowicat
0%
9 49 Meowicat
0%
5 187 Mercuri
0%
6 122 Mercuri
0%
2 103 MetaCyde
0%
3 180 MetaCyde
0%
10 8 MetaCyde
0%
1 33 Metagross_HRV
0%
4 147 Metagross_HRV
0%
3 111 Me T. Pickle
0%
5 136 Me T. Pickle
0%
1 224 micro.wav
0%
1 514 Microwaved Soda
0%
1 527 Midnight Wolf
0%
1 111 miinox
0%
4 51 Mikez777
0%
5 166 Mikl Pickle
0%
1 580 milster08
0%
3 127 milster08
0%
4 44 milster08
0%
1 622 Mimi8884
0%
1 93 MinceMeat&Concrete
0%
1 236 MineFlex_B
0%
4 271 MineFlex_B
0%
8 36 MineFlex_B
0%
9 30 MineFlex_B
0%
2 232 minekylemania
0%
6 118 minekylemania
0%
2 93 Mini Gumballed Ice Cube
0%
2 18 minordill
0%
1 342 mintl
0%
4 246 Minty
0%
2 165 Minty_Dominic
0%
2 237 MinusDry
0%
10 24 MinusDry
0%
1 573 Miraculous Zach 707
0%
1 485 Mircat
0%
3 298 Mirillis
0%
1 106 Mirror Magic
0%
4 192 Mischievous Michael
0%
5 196 Miss Goddess
0%
3 234 MissingBook
0%
1 707 Missingkhx
0%
3 12 MistaCoolWhip
0%
3 8 Mitikon
0%
4 228 Mitochondrial Bob
0%
12 12 Mitochondrial Bob
0%
1 310 Mixis
0%
1 471 MixProgram
0%
4 243 Miyawaki Sakura
0%
5 79 Miyawaki Sakura
0%
1 297 mizuespy
0%
3 53 MKWCore
0%
1 825 mokeyvspoke
0%
3 364 mokeyvspoke
0%
3 99 MoKuZai
0%
2 151 MoltenAshes
0%
3 143 MoltenAshes
0%
8 42 MoltenAshes
0%
1 744 Mommafox9
0%
1 389 Monto
0%
6 96 Moo_Maximus
0%
6 89 MoonMarigold
0%
1 634 Moony Eclipsey
0%
8 72 Mortimer Mug
0%
1 187 Moss Lichen
0%
1 381 moziet
0%
1 155 Mr.AlwaysInside
0%
3 211 MrDell47
0%
3 396 MrDumbGuy22
0%
5 91 MrDumbGuy22
0%
4 252 MrDunce
0%
1 780 MrFerf
0%
3 225 Mr. Guy 459
0%
1 711 mrjellyfish2
0%
4 74 mrjellyfish2
0%
1 650 Mr. Joe
0%
1 428 MrKuma
0%
2 350 Mr. Maestro
0%
4 62 MrMarigold
0%
2 363 Mr. Noob 64
0%
4 88 MrObjects
0%
2 293 MrRainCloudy
0%
6 97 MrRainCloudy
0%
3 68 MrShrimp
0%
4 217 MrShrimp
0%
1 46 Mr. Tripple Dwooper
0%
2 401 MSBen
0%
2 374 MtnDewLover29
0%
4 41 MuddyPuddle
0%
4 180 Mudkip
0%
4 133 multi
0%
3 226 MusiKoopa
0%
3 327 Musk Strawberry
0%
1 477 MutantJonny
0%
4 244 MutantJonny
0%
4 268 [MVP]Phantom66
0%
5 121 MyKe
0%
2 119 MysteriousGrimReaper
0%
10 33 MysteriousGrimReaper
0%
3 188 MythicalMoon_
0%
5 117 myworld3
0%
1 91 NABM3
0%
3 315 Nagannach
0%
2 94 Nagev Evil
0%
3 187 Nagev Evil
0%
4 46 Nagev Evil
0%
1 775 nak attak
0%
4 143 Naked Roll Mat
0%
1 811 NamishTheAmish
0%
4 232 Nann-ET
0%
1 466 Narf
0%
2 393 Nateo
0%
4 55 Nateo
0%
3 62 NavyBlueCyanSky
0%
1 695 Ndaiel
0%
2 38 Nebbulz
0%
1 306 Necronomicon
0%
4 222 NecroSquid
0%
3 358 Neonique
0%
13 3 Neonth
0%
1 783 NerdyBooks
0%
4 202 Nerdy Gal
0%
6 27 Nerdy Gal
0%
8 10 Nerdy Gal
0%
1 531 Nesyn
0%
1 532 NeverButter
0%
5 31 Newbie (hi blitz!)
0%
1 182 NewMarkin
0%
5 78 NG
0%
7 85 Nice Curtains
0%
1 550 Nick Whitestreak
0%
3 346 Nick Whitestreak
0%
5 30 Nick Whitestreak
0%
2 355 nicogaming2
0%
1 741 nightly music
0%
2 380 nightnday
0%
1 732 niknokin
0%
3 282 Ninjabun 2
0%
4 267 Nino Eggies
0%
5 62 nlcd
0%
6 29 nlcd
0%
1 439 Noah
0%
1 369 nobbage
0%
2 281 noef
0%
3 229 NoelDaBoel.Rizz
0%
2 313 NoisyTheRooster
0%
3 123 Nolden
0%
1 130 NoNameGalaxy
0%
4 76 NoNameGalaxy
0%
1 823 NONDOT
0%
9 55 Nonexistential
0%
3 397 Noob's Noobsters
0%
1 75 noobykid9999
0%
1 39 noodely
0%
1 693 NorbLT
0%
2 166 normalben
0%
7 13 normalben
0%
2 379 NormalPersonNormalName
0%
5 83 NormalPersonNormalName
0%
4 161 NorthEastBenefactor
0%
1 345 Not A Funny Face
0%
2 290 notethanhobbes
0%
1 152 notexi
0%
2 370 notexi
0%
4 156 NotNate
0%
7 80 Notro
0%
1 177 notthelaststraw
0%
6 106 Nowhed
0%
1 575 NumberGabe
0%
4 164 Numbergamer
0%
1 54 Numberi
0%
1 592 Nurse Cheese
0%
1 427 Nusrat hoque the doodler
0%
1 137 nuthatch
0%
4 97 nuthatch
0%
1 747 Nyazhi
0%
1 730 Nyon Cat Plush
0%
6 70 Object
0%
1 226 Octuple Lensed Telescope
0%
2 269 Oddidax
0%
3 165 okamii
0%
1 454 okie cokie
0%
2 331 oli?
0%
2 324 Ollie
0%
6 57 OL Thomas
0%
2 270 OmegaBlox
0%
5 148 OmgHi! It'sDavid
0%
1 610 omo.core
0%
1 385 Onchú
0%
3 74 Onchú
0%
4 34 Onchú
0%
10 26 Onchú
0%
3 383 One hundred and eleven cats
0%
4 250 One Night
0%
6 132 One Night
0%
4 279 Onyx
0%
1 208 OobOob
0%
1 662 OpalStatus
0%
1 61 opedr0casss
0%
3 223 Opinions are Weird
0%
3 281 Orangey
0%
3 126 OrganicHotChoco
0%
1 341 OsitoLeBear123
0%
2 326 OTTWDTEWMITFGLTAM
0%
7 55 OveCZ
0%
2 246 Owner of the Phattest Dumptruck Imaginable (674kg)
0%
3 177 Owner of the Phattest Dumptruck Imaginable (674kg)
0%
4 277 Owner of the Phattest Dumptruck Imaginable (674kg)
0%
8 38 Owner of the Phattest Dumptruck Imaginable (674kg)
0%
3 169 oxiisols
0%
4 142 oxiisols
0%
1 785 Pacman2022
0%
10 31 Pacman2022
0%
5 61 PaczukW
0%
1 541 Paintspot Infez
0%
2 32 Paintspot Infez
0%
3 49 Paintspot Infez
0%
6 83 Paintspot Infez
0%
10 14 Paintspot Infez
0%
1 760 Pan
0%
9 5 Pancake
0%
10 17 Pancake
0%
1 207 PaniniPancake
0%
5 194 PaniniPancake
0%
6 137 PaniniPancake
0%
4 190 panzermanzer
0%
1 682 Paradox
0%
1 140 Parallel Paperbacks
0%
6 80 Parallel Paperbacks
0%
1 819 ParanormalChicken
0%
1 787 Party book!
0%
1 571 PassF
0%
1 712 PataG
0%
1 801 PattyPatQ
0%
1 598 Pearlescent June
0%
1 277 pebbles
0%
2 23 Pencil
0%
1 397 PengiQuin
0%
2 310 PengiQuin
0%
12 9 PengiQuin
0%
4 260 Pengoo
0%
5 47 Pengoo
0%
6 33 Pengoo
0%
4 182 PenSteel
0%
1 731 Peridot Person
0%
4 160 pewpewbeach
0%
9 32 pewpewbeach
0%
1 778 Peyton
0%
1 245 PG2K
0%
4 77 PG2K
0%
3 275 Phant0mInfinity
0%
2 426 Phantastrophy
0%
2 192 PhantoFantasma
0%
4 101 PhantoFantasma
0%
1 800 Phantomations
0%
4 176 Phayze
0%
1 733 pheonix 19
0%
1 358 PhilPAlEskQ
0%
2 127 Phroggu
0%
3 332 Pickleting
0%
1 384 Pidginplace
0%
1 334 Pigeon Boy
0%
1 484 Pilot
0%
1 583 pinapple consumer
0%
1 233 Pingoboiii
0%
6 116 PingThaj
0%
1 287 Pink man
0%
2 431 Pink man
0%
4 136 Pink man
0%
9 15 Pink man
0%
10 4 Pink man
0%
14 7 Pink man
0%
2 266 Pinkpel
0%
2 280 Pin Zap
0%
1 629 PIR
0%
1 807 piuwyi ^w^
0%
1 789 pixel joe
0%
1 560 Pixomite
0%
6 88 PizzaEnjoyer
0%
7 90 PizzaEnjoyer
0%
2 319 PizzaSquish
0%
3 97 PizzaSquish
0%
5 201 PizzaSquish
0%
7 84 pjgamer
0%
1 749 Plankton59
0%
2 69 PlasmaPalace
0%
8 63 PlasmicTrojan
0%
13 11 PlasmicTrojan
0%
1 199 Platinum Wispa
0%
3 161 playbook
0%
4 124 playbook
0%
1 74 Plebster
0%
3 31 Plentelle
0%
2 337 PM
0%
1 508 pneumonoultramicroscopicsilicovolcanoconiosis
0%
1 373 Pod42
0%
1 694 Poisonous Atrocity
0%
7 32 pokeysoda
0%
8 47 pokeysoda
0%
1 125 pokky
0%
3 336 PolarCoordinate
0%
2 278 PolishCage
0%
3 206 PoliteCheese1414
0%
5 154 PoliteCheese1414
0%
8 73 PoliteCheese1414
0%
13 18 PoliteCheese1414
0%
4 122 Polyarchitect
0%
5 163 Polygon Puzzles
0%
4 145 Poly P Terus
0%
1 559 PooltoyPal
0%
3 221 Poop book
0%
1 713 Poor Woffiteer
0%
4 102 Poor Woffiteer
0%
2 41 PoppinKenny
0%
3 250 PoppinKenny
0%
1 429 Pop-up Book
0%
1 522 PorcuPlays
0%
1 652 Posse
0%
4 229 PotassiumTree247
0%
1 215 Potato2017
0%
4 66 PotatoNerd
0%
1 339 PotatOS
0%
4 25 Powell0
0%
1 671 ppcat
0%
2 221 ppcat
0%
3 9 Precise Potato
0%
8 46 Preston The Wordplayer
0%
3 402 PretzelDinosaur
0%
2 22 PriceTagFanatic
0%
14 13 PriceTagFanatic
0%
1 597 PrimeWordsmith11
0%
8 16 PrinithPickles
0%
4 78 Prism Star
0%
5 73 _profile
0%
1 816 PsychoticSonja
0%
2 80 PsychoticSonja
0%
3 254 PugCuber
0%
3 178 PuppyRelp
0%
1 640 purplefruit
0%
1 153 Purple Nurpel
0%
1 154 Purples
0%
2 228 Pursued Trauma
0%
1 82 puzzlypugzly
0%
3 23 puzzlypugzly
0%
2 15 Fireoiny
0%
3 75 Fireoiny
0%
2 339 PylonMiron
0%
4 5 Pyos
0%
3 255 Pyrope Leijon
0%
3 370 Qbot7268
0%
7 40 Qbot7268
0%
1 781 Qetytr
0%
3 21 QLF9
0%
1 687 QuackerOats
0%
1 64 Quantum Solstice
0%
1 259 +QuinDex+
0%
9 31 +QuinDex+
0%
1 756 Quizzical
0%
3 156 qywueirotp
0%
6 69 R3Ked
0%
1 186 Racher
0%
2 275 RadiantRuby2763
0%
1 162 Radiant Sun
0%
2 423 Radio_activ
0%
4 8 Radio_activ
0%
2 100 Ragum
0%
3 166 Ragum
0%
3 305 rainbowcurrant
0%
1 569 RainbowKnight
0%
2 9 RainbowKnight
0%
5 195 RainbowKnight
0%
7 60 RainbowKnight
0%
10 7 RainbowKnight
0%
5 200 RainbowSnivy
0%
1 192 Rainzel
0%
1 196 ramen
0%
1 146 ramen powder
0%
1 319 ramon's brainrot
0%
1 251 RAMTurtle
0%
3 394 RAMTurtle
0%
4 92 RAMTurtle
0%
2 329 Ranchbird
0%
6 44 random.123
0%
6 63 Randomtrr2
0%
7 33 Randomtrr2
0%
4 210 raphaeljg1
0%
4 71 RapidBolt
0%
1 275 Raptarr8
0%
2 211 Raptarr8
0%
5 164 Raptarr8
0%
2 163 raptorgirl413
0%
2 134 Ratatouille from Ratatouille
0%
1 230 RattieThe_Ratt
0%
6 61 RattieThe_Ratt
0%
1 463 Ratz axolotlz
0%
3 144 raul
0%
5 50 Ray9462
0%
7 63 rcdr90
0%
1 798 realicraft
0%
2 301 realicraft
0%
2 410 Realspace
0%
7 70 Realspace
0%
1 614 RedGray Shine
0%
1 526 redgreenandblue
0%
3 52 redgreenandblue
0%
2 267 RedoStone35
0%
5 114 Red Rover
0%
1 340 RedSamurott
0%
2 33 RedSamurott
0%
1 609 Red Tank
0%
1 36 RedTheThing
0%
1 189 Reed
0%
7 30 Reed
0%
3 376 Reignhold
0%
2 45 Remy
0%
8 37 Remy
0%
13 17 Remy
0%
7 51 Ren
0%
2 291 repeatedpuppetry.
0%
3 149 repeatedpuppetry.
0%
1 97 RepMel
0%
1 774 Reselectings
0%
4 224 Reselectings
0%
9 12 Reselectings
0%
2 257 RetroCrate
0%
7 72 RetroCrate
0%
1 316 Retterime
0%
6 23 Revaliii
0%
8 32 Revaliii
0%
10 15 Revaliii
0%
1 356 RevDev
0%
2 35 Rex Knight
0%
5 110 Rex Knight
0%
1 343 RFTWCPFTL
0%
1 452 Rhapsody2612
0%
6 100 RiccoBaldo
0%
1 659 RiggyRocket
0%
2 82 RiggyRocket
0%
1 720 Riqguy
0%
1 460 riyalty72
0%
1 27 Rly
0%
1 621 robert33
0%
3 353 RobertoDeMundo
0%
2 27 robert TAp63
0%
4 82 rockbeast9000
0%
5 137 rockbeast9000
0%
2 95 Rocky
0%
2 268 Rojandyyyyyyyyy
0%
1 232 Rora_Bori39
0%
4 184 Rora_Bori39
0%
4 188 Roston11
0%
3 311 row666
0%
3 38 RowdyDrawsSometimes
0%
1 31 roxyisrad
0%
2 372 roxyisrad
0%
2 314 RoyalMike
0%
4 274 RoyalMike
0%
4 68 RoyTheCyclops
0%
1 473 Rozz
0%
3 320 RPFAdam
0%
4 49 RPFAdam
0%
5 175 RPFAdam
0%
1 161 RRandomyy
0%
2 362 RS Spaco
0%
1 324 Runaway Boxcar
0%
2 105 Rune
0%
5 141 Rune
0%
1 724 RWBYraikou888
0%
1 721 Ryan ST
0%
2 140 Ryan ST
0%
5 191 Ryan ST
0%
2 353 Ryother
0%
1 746 s1nblitz
0%
4 40 s83757
0%
5 155 s83757
0%
1 815 sal
0%
2 242 sal
0%
1 179 Saltwater Tree
0%
4 253 Sammy Sosa
0%
1 793 Sand Colored Sky
0%
1 796 sanikkuu
0%
1 812 Santisan
0%
1 449 Sausiiie
0%
1 420 Save The Marsh
0%
4 121 SawFan1234
0%
1 378 Saxtim
0%
3 290 Saydamn Tt
0%
6 127 Saydamn Tt
0%
3 317 schmeeper
0%
2 110 Scratchman2501
0%
4 257 scystep
0%
2 147 SeahawkzSK
0%
1 312 SeamusTV
0%
1 468 Seannie211
0%
1 674 sebby boy
0%
5 26 Semi Colon
0%
1 570 semisheriff
0%
6 68 s.eptember
0%
2 56 sequoiaforty
0%
1 120 ServiLeon
0%
1 415 Seth the Cobra
0%
1 714 Shadowleafy
0%
3 329 Shadowleafy
0%
4 273 SheaBooter24
0%
1 599 SheenEXP
0%
1 561 Sherbert♡
0%
1 737 shibes
0%
7 77 Shiny
0%
1 81 ShinythelikeThird
0%
2 312 Shockman
0%
5 101 shoob
0%
2 204 shotoria
0%
1 487 Shovel
0%
2 148 "ShriekingTomatoStems"
0%
1 17 shuubil
0%
2 220 Siahnide
0%
2 303 Silent Isolation
0%
3 189 Silent Isolation
0%
4 111 Silent Isolation
0%
2 315 SillyLittleFeather
0%
2 174 SillySky
0%
5 139 Silverlyte
0%
1 786 Simon
0%
3 138 simp4march7
0%
6 41 simp4march7
0%
7 87 simp4march7
0%
1 133 SimplePoyo
0%
2 258 SimplePoyo
0%
1 688 Simplest14
0%
1 115 sink
0%
3 231 SJB
0%
2 213 Skippery45
0%
2 234 Skivint
0%
4 57 Skivint
0%
4 183 skooptroop!
0%
1 351 Skribby Doodle
0%
1 175 Skyler CRAZY
0%
1 510 SkyRonix
0%
2 64 SkyTheCat
0%
1 38 Sleepless Sparrow
0%
4 43 Slimbish
0%
1 174 SlimerGamer9531
0%
2 182 slusher!
0%
3 96 Smelty
0%
3 251 smil
0%
9 35 smil
0%
3 319 smnsr05
0%
1 86 smolden
0%
2 231 smolden
0%
2 378 SmoothDunes
0%
9 37 SmoothDunes
0%
5 129 smoov22
0%
6 138 smoov22
0%
7 56 Smudge
0%
2 428 Snakatakka
0%
1 253 Snokgard
0%
1 600 Snovaltica of Silventine Shadows
0%
3 73 SnowbledenOne
0%
2 297 Snowbloxian
0%
1 398 SnowyDayz
0%
2 11 SnowyPackel
0%
2 302 sodiumhydroxide
0%
1 653 SoftWinterLove
0%
4 60 som1sezhi
0%
2 272 Some Guy
0%
1 596 somerandompixie
0%
2 276 somethingstupid
0%
1 167 somsUnderscore
0%
5 99 somsUnderscore
0%
2 75 SongGame
0%
2 201 SoniPortal
0%
1 96 SooperHighper
0%
4 219 SooperHighper
0%
11 23 SooperHighper
0%
3 17 SophisticatedSnow
0%
1 678 SorenEB
0%
1 270 Souless Quintic
0%
1 696 Soulja Boy Jr
0%
1 788 SoupAnd2Sticks
0%
7 76 SoupAnd2Sticks
0%
5 106 SourBoy
0%
1 109 SourScree
0%
3 124 SouthBrightLucky
0%
3 352 SpaceX Fanboy
0%
3 134 Sparrowcat
0%
4 29 Sparrowcat
0%
5 68 Sparrowcat
0%
9 42 Sparrowcat
0%
11 24 Sparrowcat
0%
3 216 SpelingErr
0%
3 344 SPICYham
0%
1 648 spinifex
0%
1 372 SpinNcrcls
0%
4 245 Spiritblox1
0%
2 400 Spongesnob Bookpants
0%
5 95 SpookyJack!
0%
6 65 spooky.phd
0%
10 32 spooky salmon
0%
7 9 springymint
0%
1 665 Spweep
0%
4 208 Spweep
0%
4 123 Spyraling Into Madness
0%
1 690 Squeamish Monkey
0%
1 672 squidsune
0%
5 38 squidsune
0%
1 735 Squidwardshouse
0%
2 92 Squidwardshouse
0%
1 183 squindigo
0%
2 66 squindigo
0%
4 158 squindigo
0%
8 65 squindigo
0%
2 62 SquishmallowsUnited
0%
5 185 Squishy Cherries On White Background
0%
4 98 SSAANNTTYY
0%
5 188 St4rry_Ski3z
0%
7 68 St4rry_Ski3z
0%
4 185 Staintocton
0%
3 273 Staircased Basketball
0%
1 298 Stanley's Chicken
0%
7 65 Stanley's Chicken
0%
2 98 Stansky
0%
1 478 Starlight Over The Rainbow
0%
1 515 Starlight Winterrose
0%
2 321 Starmax
0%
4 3 starnoah1
0%
1 727 Starr Light
0%
1 638 Starry Hunter
0%
1 421 Starry Sprinklez
0%
6 17 Starry Sprinklez
0%
9 18 stephan12387
0%
10 29 stephan12387
0%
11 28 stephan12387
0%
2 212 Stephbro
0%
7 3 stereocheryb
0%
1 591 stone bone
0%
5 67 stone bone
0%
1 497 stoopid
0%
1 709 ♥Storming Amethyst♥
0%
1 258 Stormingtiel
0%
1 794 stratarain
0%
6 22 StuckyDucky
0%
1 681 Stuntfish
0%
2 144 sugar executive
0%
1 824 Suit Quartz Dice
0%
4 86 Suit Quartz Dice
0%
2 235 sunddya
0%
3 142 Sunken Octopus
0%
4 191 Sunlight Blight
0%
2 52 SunnysideSplash
0%
3 400 Sunrise Sherbert
0%
1 400 SunshineFuture
0%
4 167 SuomiNamco
0%
10 37 SuomiNamco
0%
1 462 Super21
0%
3 147 Super Dreamer
0%
1 402 Super MDZ TV
0%
3 253 Supermersion
0%
2 356 superminerJG
0%
1 331 supernova16
0%
2 317 Supersky102
0%
3 61 SuperStick Productions
0%
4 198 SuperStick Productions
0%
4 72 Sushi Hippo
0%
6 86 Sushi Hippo
0%
1 234 Sverige
0%
1 374 sw3aterCS
0%
1 239 Swanqil
0%
1 303 Sweenypea
0%
1 826 synt
0%
4 17 Syro33
0%
1 205 Taco
0%
5 21 Tacos Fly
0%
1 567 TacZK
0%
1 458 Taki
0%
5 90 Talinlol
0%
6 34 Talinlol
0%
5 127 TangerineFish
0%
1 422 Tan the Kay
0%
1 185 Taost
0%
2 155 TardistheTardis
0%
3 33 TardistheTardis
0%
2 191 TasteyLunch
0%
1 40 taugustusholm
0%
4 141 Tauisbetter
0%
2 424 tauttie
0%
5 190 tauttie
0%
1 273 TawnyBarnOwl
0%
3 135 Tb
0%
1 289 Tchyse
0%
1 243 tea_minttt
0%
1 689 TeamSuperPlanet
0%
1 443 tekhawaii
0%
2 91 tekhawaii
0%
5 71 tekhawaii
0%
2 340 telepoet
0%
1 565 +Tems Accepted+
0%
3 395 Tepicneori TFFBAS
0%
8 3 terminatedslime
0%
9 45 terminatedslime
0%
11 30 terminatedslime
0%
14 6 terminatedslime
0%
1 562 Terrasol
0%
3 242 Terref
0%
2 120 Tesseranker
0%
7 108 Tesseranker
0%
3 325 Tetrian22
0%
5 13 Tetrian22
0%
1 524 Texture Not Found
0%
3 58 Texture Not Found
0%
1 317 tezlik
0%
1 475 tfgui
0%
2 229 tfgui
0%
1 59 Tgodigo17
0%
3 330 th3f
0%
7 46 th3f
0%
1 409 Thane
0%
1 281 ThatAPersonGuy
0%
4 63 That Canadian Guy
0%
3 342 That Nerd Albert
0%
1 48 That One Herring
0%
3 196 That One Penguin Kid
0%
3 291 ThatPerson
0%
6 26 ThatPerson
0%
7 103 ThatPerson
0%
6 121 ThatShowGuy
0%
3 6 That_Stigly_Person
0%
1 300 The amogus attacker
0%
5 32 TheAngryBird95
0%
1 516 The Articulate Cone
0%
1 818 The Best Benevolent Brilliant Big Blob
0%
1 486 TheBirbsWord
0%
1 71 The BlackTea Show
0%
3 335 the buzz bee bumble (note: please keep it in all lowercase :3
0%
1 753 The CJ Animated
0%
3 63 The_CoffeeBuzz
0%
1 782 The Dark Penguin
0%
1 805 The Davestroyer
0%
3 198 The Deafh
0%
1 607 the diary of a wimpy kid!!!!!1111
0%
2 179 The Doe Book
0%
3 16 The Doe Book
0%
6 60 thedogegamer90
0%
1 84 TheDudePersonGuy
0%
3 263 The Exact Amount
0%
3 309 TheFlyingChicken
0%
3 286 The Fool
0%
2 83 The Forest Vagabond
0%
1 743 The Goober
0%
2 68 The Good Boi
0%
7 57 The Great And Mighty Waffle Captain
0%
3 218 The Great Horror Known Only As Jolene
0%
2 76 the guyman
0%
1 136 thehexa
0%
1 716 the Leon Owner
0%
4 247 The Light
0%
7 20 The Light
0%
4 104 TheLimeStick
0%
2 252 the little gremlin living in your toothbrush
0%
1 499 The Mathemugician
0%
1 241 TheMightyMidge
0%
1 437 TheMissingPage
0%
3 50 TheMixedMaster
0%
2 411 TheMJKWorld
0%
1 594 the motan
0%
4 84 The Music Man
0%
4 21 TheNavyBomb
0%
1 231 The Oodles
0%
1 750 TheOrangeSteak
0%
2 367 The Person In The Corner
0%
2 146 ThePianoGuru
0%
8 26 ThePianoGuru
0%
8 54 The Pizza Tower
0%
2 143 The Queen Is Here
0%
4 93 TheQuestioneer
0%
2 173 TheRealGrassy
0%
1 611 TheRealReinbow
0%
4 196 TheRealReinbow
0%
4 129 The Red BeanieGuy
0%
6 92 The Red BeanieGuy
0%
4 174 theredpro
0%
1 22 TheSemiColon;
0%
1 121 thesen
0%
2 360 The Silliest of Billies
0%
4 154 The Silly Guy
0%
3 116 The Supervillain
0%
1 94 TheTraveller.
0%
4 108 TheTrueHolyEpicGamer
0%
1 699 TheUniverseBook
0%
3 3 TheUnwatchedYoutuber aka the pope
0%
2 256 TheVexillologyMaster
0%
1 83 TheWaffleMan
0%
4 137 The Waffle Warrior
0%
1 784 The World's Largest Oven
0%
2 102 thisisreddawn
0%
1 702 Thunder lord
0%
1 393 Tigstahh
0%
1 295 TikiWiki
0%
1 326 Tire
0%
3 2 TJEVERYDAY52
0%
2 125 TMOJ Official
0%
4 264 Tntnol
0%
1 542 Toad8508
0%
1 242 ToadlyCool
0%
6 43 ToadMX
0%
3 163 toast
0%
3 403 Toastarena
0%
1 344 Toasted Toasty
0%
1 779 Tobutori
0%
1 806 tobyman
0%
8 62 ToffeeLime
0%
11 13 ToffeeLime
0%
15 2 ToffeeLime
0%
4 96 tom9mi 2
0%
2 149 Tomatowski
0%
1 79 Tomgazery
0%
3 140 Tomorand
0%
4 168 Tophatted
0%
1 361 TopHatTheHat
0%
1 517 TopiBoyh
0%
3 57 TopiBoyh
0%
1 57 Toron Beldevar
0%
1 453 TotallyNotSushii
0%
3 347 ToucanBuddy
0%
1 214 Toyota Prius
0%
3 374 TrainGoBoom
0%
6 77 TrainGoBoom
0%
9 4 TrainGoBoom
0%
3 381 Trainy man
0%
1 635 TransBiBook
0%
5 86 Traznarf
0%
4 171 Trenerd
0%
1 465 Trev
0%
3 238 Trev
0%
1 745 Trigonometric Hater
0%
4 242 Triko
0%
12 8 Triko
0%
3 360 Tristan G
0%
4 135 TrueSunGaming
0%
5 128 Truttle1
0%
2 60 Trybel
0%
1 736 Tsskyx
0%
5 34 Tubularity 2304
0%
4 45 Tulip System
0%
3 224 Twilight Galaxian
0%
2 189 Twilight Tome
0%
1 639 Twisted Taft
0%
8 9 Twisted Taft
0%
3 89 Twoll
0%
1 827 twow
0%
2 7 twpaz.
0%
5 10 twpaz.
0%
7 35 twpaz.
0%
11 22 twpaz.
0%
1 166 TypeError441
0%
1 248 TyrianPurple
0%
1 128 ULTRAKWAIIDESU ٩◔‿◔۶
0%
1 191 Ultraqua
0%
2 354 Ultrono
0%
2 304 Undecimator
0%
3 349 Undecimator
0%
7 64 Undecimator
0%
1 651 UnitCreamer
0%
1 89 Unofficial Spaghet
0%
3 162 Unofficial Spaghet
0%
7 104 Unofficial Spaghet
0%
2 208 UnrulyScience
0%
1 254 uosl!M
0%
2 34 uPlatm
0%
3 256 uPlatm
0%
4 138 UTD
0%
1 472 Valeburger
0%
4 2 Valeburger
0%
1 498 Valzone
0%
2 243 VanillaBeanFrappuccino
0%
3 108 VanillaBeanFrappuccino
0%
1 58 Vanilla Madeira
0%
2 285 Varmints
0%
1 32 Vauntiee
0%
4 42 Veedee S
0%
6 128 Veedee S
0%
1 585 Veilure
0%
1 272 Verigold
0%
3 122 Verigold
0%
2 248 VerosikaPlaysGames
0%
3 217 VeryAverage
0%
1 776 Vex
0%
1 450 vgtcross
0%
2 307 vheeee
0%
1 631 viklo
0%
2 349 viklo
0%
6 105 Villagerslime
0%
6 71 Violetvixen
0%
3 228 VIQ
0%
4 106 VIQ
0%
1 617 vitleysa
0%
1 543 vivi !!
0%
2 61 VIvian5757
0%
1 414 Vivid
0%
1 19 VizorR
0%
2 108 VoidInstructions
0%
1 620 Vortex83
0%
6 6 VortexLyte
0%
2 348 Vrdnant
0%
5 182 Vrdnant
0%
1 636 VVVVVV
0%
5 132 W3rt24
0%
4 213 Waffley
0%
1 535 Waldwick1386
0%
1 256 Walkingstix
0%
1 685 WandererSkye
0%
1 349 “wariogurt”
0%
1 677 WaterBottel
0%
1 715 Water Chestnut
0%
2 139 Water Chestnut
0%
6 24 Water Chestnut
0%
12 14 Water Chestnut
0%
7 44 Waterfishy
0%
5 113 Wayan Vistar
0%
4 276 WeirdKid361
0%
1 590 Welshite
0%
1 808 Weltin
0%
3 77 We Now Productions
0%
1 293 Wepeel
0%
1 159 wGUy1
0%
5 161 Whiffline
0%
1 252 Whistage
0%
1 810 White Whiskey
0%
2 67 WholeNote1
0%
1 332 Wicked_Daniel
0%
1 447 wifishark
0%
4 230 Wildz
0%
2 245 will9183
0%
1 52 willowafer
0%
7 43 Willow Willow Willow
0%
6 8 Wilma
0%
7 96 Wilma
0%
3 288 Wimpyguybutawsome
0%
1 654 Window Paine
0%
3 197 Window Paine
0%
3 42 wingsw
0%
2 361 winterztheidiot
0%
1 563 Wizard of the Dark Side.
0%
3 130 WoajAeron
0%
1 684 Wolfkey
0%
1 556 wolfolotl
0%
2 197 WolfPlay013
0%
3 384 Woocas
0%
1 739 woodmango
0%
6 119 woodmango
0%
7 62 WoopDoo
0%
2 299 worst switch player
0%
2 383 Wot in Tarnation
0%
1 25 WotterWot
0%
4 90 Wozzen196
0%
2 406 Wrecking Games
0%
1 705 Wuggolo
0%
3 266 WWolla
0%
1 26 wyntsyr
0%
5 152 Xananer
0%
1 425 Xebrax
0%
5 184 Xenocola
0%
1 291 XericIsNotMyName
0%
3 28 Xes
0%
2 334 Xhoc
0%
4 254 xii!
0%
4 236 XKZ
0%
1 719 xleph
0%
1 250 Xnopytt
0%
7 105 xpartyhat
0%
1 461 XRato
0%
7 31 xtrimi
0%
2 24 Xygarde
0%
5 167 yaboiasolai
0%
1 581 YaGalSamy
0%
4 35 Yakob
0%
2 368 Yaro
0%
1 327 YBukko
0%
1 399 YeahYeah1121
0%
1 216 Yeeterboy
0%
5 69 Yeeterboy
0%
3 350 YellowElectric
0%
6 109 YellowElectric
0%
8 48 YellowElectric
0%
2 341 YellowNote
0%
1 14 Yes no
0%
2 170 Yinto
0%
4 23 Yinto
0%
2 116 Yogurt Man
0%
1 655 Yomers
0%
5 81 Yonelius
0%
3 121 Yorkscrew
0%
1 184 YoshiAwesum
0%
3 133 YoshiAwesum
0%
5 56 YoshiAwesum
0%
2 206 Yoshikid
0%
5 135 yoshikid8
0%
1 435 Youmg44
0%
3 284 Youmg44
0%
1 615 Youreallythinkicancomeupwithaname
0%
1 771 Your Mom
0%
1 820 YoyleMarker
0%
1 12 YTN1112
0%
1 235 Yume Flamigiri
0%
2 48 Yume Flamigiri
0%
3 128 Yume Flamigiri
0%
9 51 Yume Flamigiri
0%
2 164 Yunnan
0%
4 30 yvlnt
0%
2 161 Z01Xy
0%
5 100 Zaffricious
0%
9 44 Zaffricious
0%
1 691 Zafiarox
0%
3 139 Zafiarox
0%
1 147 zarive
0%
1 257 Z-Bean
0%
3 339 Z-Bean
0%
1 555 Zeboosta
0%
1 382 zeDok
0%
6 37 Zelaznog92
0%
3 356 Zellate
0%
1 357 Zelo101
0%
1 488 Zentaro
0%
1 438 Zera
0%
3 190 ZeroSocialSkillz
0%
7 17 Zettex
0%
12 19 Zettex
0%
9 22 Z Timmy
0%
3 201 Zygarbodor
0%
2 289 Zzyzes
0%
No matching quizzes found
Score Distribution
Percent of People with Each Score
Percentile by Number Answered
Your Score History
You have not taken this quiz since the last reset